<?xml version="1.0" encoding="UTF-8"?><?xml-stylesheet type="text/xsl" href="static/style.xsl"?><OAI-PMH xmlns="http://www.openarchives.org/OAI/2.0/" xmlns:xsi="http://www.w3.org/2001/XMLSchema-instance" xsi:schemaLocation="http://www.openarchives.org/OAI/2.0/ http://www.openarchives.org/OAI/2.0/OAI-PMH.xsd"><responseDate>2026-05-01T16:18:29Z</responseDate><request verb="GetRecord" identifier="oai:uvadoc.uva.es:10324/3399" metadataPrefix="marc">https://uvadoc.uva.es/oai/request</request><GetRecord><record><header><identifier>oai:uvadoc.uva.es:10324/3399</identifier><datestamp>2021-11-04T09:22:38Z</datestamp><setSpec>com_10324_1138</setSpec><setSpec>com_10324_931</setSpec><setSpec>com_10324_894</setSpec><setSpec>col_10324_1226</setSpec></header><metadata><record xmlns="http://www.loc.gov/MARC21/slim" xmlns:doc="http://www.lyncode.com/xoai" xmlns:xsi="http://www.w3.org/2001/XMLSchema-instance" xmlns:dcterms="http://purl.org/dc/terms/" xsi:schemaLocation="http://www.loc.gov/MARC21/slim http://www.loc.gov/standards/marcxml/schema/MARC21slim.xsd">
<leader>00925njm 22002777a 4500</leader>
<datafield tag="042" ind1=" " ind2=" ">
<subfield code="a">dc</subfield>
</datafield>
<datafield tag="720" ind1=" " ind2=" ">
<subfield code="a">Clará, Alberto</subfield>
<subfield code="e">author</subfield>
</datafield>
<datafield tag="720" ind1=" " ind2=" ">
<subfield code="a">Ysa, A.</subfield>
<subfield code="e">author</subfield>
</datafield>
<datafield tag="720" ind1=" " ind2=" ">
<subfield code="a">Roman, Begoña</subfield>
<subfield code="e">author</subfield>
</datafield>
<datafield tag="720" ind1=" " ind2=" ">
<subfield code="a">Anglés, M.</subfield>
<subfield code="e">author</subfield>
</datafield>
<datafield tag="720" ind1=" " ind2=" ">
<subfield code="a">Vidal Barraquer, Francesc</subfield>
<subfield code="e">author</subfield>
</datafield>
<datafield tag="720" ind1=" " ind2=" ">
<subfield code="a">Vaquero Puerta, Carlos</subfield>
<subfield code="e">author</subfield>
</datafield>
<datafield tag="720" ind1=" " ind2=" ">
<subfield code="a">Vascuethics Study Group</subfield>
<subfield code="e">author</subfield>
</datafield>
<datafield tag="260" ind1=" " ind2=" ">
<subfield code="c">2013</subfield>
</datafield>
<datafield tag="520" ind1=" " ind2=" ">
<subfield code="a">Objective. To evaluate the association between professional seniority and self-interest (PSI) attitudes in the resolution of&#xd;
vascular ethical dilemmas (VED).&#xd;
Design. Cross-sectional.&#xd;
Subjects. Vascular surgeons (residents included) from the 28 vascular teaching departments of Spain.&#xd;
Measurements. Multidisciplinary team-designed questionnaire of 5 VED. Each VED had 3 different answers (attitudes): 2&#xd;
favouring legitimate ethical attitudes (LEA) and 1 favouring PSI. The questionnaire was self-administered and all&#xd;
participants stated their degree of agreement with each answer on a continuous Likert scale. PSI was evaluated by: (1) adding&#xd;
the magnitudes of the 5 answers favouring PSI (absPSI); and (2) by comparing in each case the magnitude of the PSI answer&#xd;
with that of the 2 LEA (relPSI).&#xd;
Statistics. Linear regression adjusted by confounding factors.&#xd;
Results. Two hundred and fifty-three vascular surgeons from the 26 participating teaching vascular departments of public&#xd;
hospitals completed the questionnaire (87.5% surgeons/department). Surgeon characteristics were: (1) median age 37 years;&#xd;
(2) 187 (74%) male; (3) 59 (23%) brought up with a health professional relative; (4) 94 (38%) had additional private&#xd;
practice; (5) 133 (65%) professed religious beliefs; and (6) 1–10 years of experience in 116 (47%), 11–20 years in 58 (24%),&#xd;
21–30 years in 57 (23%), and .30 years in 15 (6%). The multivariate analysis disclosed that for every 10-years rise in&#xd;
professional seniority there was a 3.2% increase in absPSI (p ¼ 0.007, adjusted by variables 3 and 4), and a 3.4% increase in&#xd;
relPSI (p ¼ 0.002, adjusted by variable 5).&#xd;
Conclusions. Professional seniority is associated with a slight increase in pro-PSI attitudes in cases of vascular ethical&#xd;
dilemma. Both vascular surgeons and health institutions should promote the reversal of this worrying tendency.</subfield>
</datafield>
<datafield tag="024" ind2=" " ind1="8">
<subfield code="a">European Journal Vascular Endovascular Surgery</subfield>
</datafield>
<datafield tag="024" ind2=" " ind1="8">
<subfield code="a">1078-5884</subfield>
</datafield>
<datafield tag="024" ind2=" " ind1="8">
<subfield code="a">http://uvadoc.uva.es/handle/10324/3399</subfield>
</datafield>
<datafield tag="024" ind2=" " ind1="8">
<subfield code="a">10.1016/j.ejvs.2004.02.018</subfield>
</datafield>
<datafield tag="024" ind2=" " ind1="8">
<subfield code="a">525</subfield>
</datafield>
<datafield tag="024" ind2=" " ind1="8">
<subfield code="a">533</subfield>
</datafield>
<datafield tag="024" ind2=" " ind1="8">
<subfield code="a">European Journal Vascular Endovascular Surgery</subfield>
</datafield>
<datafield tag="024" ind2=" " ind1="8">
<subfield code="a">27</subfield>
</datafield>
<datafield ind1=" " ind2=" " tag="653">
<subfield code="a">Cardiovascular, Sistema - Enfermedades</subfield>
</datafield>
<datafield ind1=" " ind2=" " tag="653">
<subfield code="a">Cirugía operatoria</subfield>
</datafield>
<datafield ind1=" " ind2=" " tag="653">
<subfield code="a">Médicos - Ética profesional</subfield>
</datafield>
<datafield tag="245" ind1="0" ind2="0">
<subfield code="a">Clinical ethical dilemmas for vascular surgeons (The vascuethics study) : are self-interest attitudes related to profeccional seniority</subfield>
</datafield>
</record></metadata></record></GetRecord></OAI-PMH>